Statistics for All Cities in Morocco with at Least 50k People on a Map

Click here to take the quiz!

General Stats

  • This quiz has been taken 94 times
  • The average score is 22 of 70

Answers on the Map

Answers color-coded by a green-red scale on the quiz's map according to % correct below.
 

Answer Stats

PopCities% Correct
1,95 mRabat / الرباط / ⵕⵕⴱⴰⵟ
97%
3,89 mCasablanca / الدار البيضاء / ⵜⴰⴷⴷⴰⵔⵜ ⵜⵓⵎⵍⵉⵍⵜ
96%
1,31 mTangier / طنجة / ⵟⴰⵏⵊⴰ
94%
2,74 mFez / فاس / ⴼⵉⵣⴰⵣ
93%
1,04 mMarrakesh / مراكش / ⵎⵕⵕⴰⴽⵛ
89%
979 kAgadir / أڭادير / ⴰⴳⴰⴷⵉⵔ
85%
593 kOujda / وجدة / ⵡⵓⵊⴷⴰ
61%
217 kLaâyoune / لعيون / ⵍⵄⵢⵓⵏ
59%
545 kMeknes / مكناس / ⴰⵎⴽⵏⴰⵙ
56%
903 kSalé / سلا / ⵙⵍⴰ
56%
444 kTétouan / تطوان / ⵜⵉⵟⵟⴰⵡⴰⵏ
55%
77,9 kEssaouira / الصويرة / ⵜⴰⵚⵚⵓⵔⵜ
46%
508 kKenitra / القنيطرة / ⵇⵏⵉⵟIIiI
46%
106 kDakhla / الداخلة / ⴷⴷⴰⵅⵍⴰ
45%
161 kNador / الناظور / ⵏⴰⴷⵓⵔ
42%
206 kMohammedia / المحمدية / ⴼⴹⴰⵍⴰ
41%
336 kSafi / آسفي / ⴰⵙⴼⵉ
39%
176 kBeni Mellal / بني ملال / ⴰⵢⵜ ⵎⵍⵍⴰⵍ
38%
56,7 kAl Hoceima / الحسيمة / ⵍⵃⵓⵙⵉⵎⴰ
34%
170 kEl Jadida / الجديدة / ⵊⵊⴷⵉⴷⴰ
34%
125 kLarache / العرايش / ⴰⵄⵔⵉⵛ
32%
109 kBerkane / بركان / ⴱⴻⵔⴽⴰⵏ
30%
574 kKhouribga / خريبڭة / ⵅⵯⵔⵉⴱⴳⴰ
30%
332 kTemara / تمارة / ⵜⵎⴰⵔⴰ
30%
118 kGuelmim / ڭلميم / ⴰⴳⵯⵍⵎⵉⵎ
28%
71,0 kOuarzazate / ورزازات / ⵡⴰⵔⵣⴰⵣⴰⵜ
28%
148 kTaza / تازة / ⵜⴰⵣⴰ
28%
142 kSettat / سطات / ⵥⴻⵟⵟⴰⵜ
27%
74,6 kTiznit / تزنيت / ⵜⵉⵣⵏⵉⵜ
27%
73,2 kTan-Tan / طانطان / ⵟⴰⵏⵟⴰⵏ
25%
56,0 kSmara / السمارة / ⵙⵙⵎⴰⵔⴰ
24%
117 kKhenifra / خنيفرة / ⵅⵏⵉⴼⵕⴰ
23%
126 kKsar El Kebir / القصر الكبير / ⵍⵇⵚⵔ ⵍⴽⴱⵉⵔ
23%
92,3 kErrachidia / الرشيدية / ⵉⵎⴻⵜⵖⴰⵔⵏ
21%
77,4 kFnideq / الفنيدق / ⴼⵏⵉⴷⵇ
21%
64,3 kMartil / مرتيل / ⵎⴰⵔⵜⵉⵍ
21%
80,1 kTaroudant / تارودانت / ⵜⴰⵔⵓⴷⴰⵏⵜ
21%
171 kAït Melloul / أيت ملول / ⴰⵢⵜ ⵎⴻⵍⵍⵓⵍ
20%
54,3 kAzrou / أزرو / ⴰⵥⵔⵓ
20%
130 kInezgane / إنزڭان / ⵉⵏⴻⵣⴳⵯⴰⵏ
20%
131 kKhemisset / الخميسات / ⵍⵅⵎⵉⵙⴰⵜ
20%
56,2 kM'diq / المضيق / ⵎⴹⵢⴰⵇ
20%
92,9 kSidi Slimane / سيدي سليمان / ⵙⵉⴷⵉ ⵙⵍⵉⵎⴻⵏ
20%
136 kBerrechid / برشيد / ⴱⴰⵔⵛⵉⴷ
18%
90,8 kGuercif / ڭرسيف / ⴳⴻⵔⵙⵉⴼ
18%
59,6 kOuazzane / وزان / ⵡⴰⵣⵣⴰⵏ
18%
75,6 kSidi Kacem / سيدي قاسم / ⵙⵉⴷⵉ ⵇⴰⵙⴰⵎ
18%
103 kTaourirt / تاوريرت / ⵜⴰⵡⵔⵉⵔⵜ
18%
67,6 kYoussoufia / اليوسفية / ⵢⵓⵙⵓⴼⵉⵢⴰ
18%
57,1 kBenslimane / بن سليمان / ⴱⴻⵏ ⵙⵍⵉⵎⴻⵏ
17%
59,7 kSkhirat / الصخيرات / ⴰⵙⵖⵉⵔⵔⴰⵜ
17%
56,5 kBeni Ansar / بني أنصار / ⴱⵏⵉ ⵏⵚⴰⴰ
15%
102 kFquih Ben Salah / الفقيه بن صالح / ⵍⴼⵇⵉⵀ ⴱⵏ ⵚⴰⵍⵃ
15%
55,3 kMidelt / میدلت / ⵎⵉⴷⴻⵍⵜ
15%
79,8 kSefrou / صفرو / ⵚⴻⴼⵕⵓ
15%
69,2 kSouk El Arbaa / سوق الاربعاء / ⵙⵓⵇ ⵍⴰⵔⴱⵄⴰ
15%
86,7 kTifelt / تيفلت / ⵜⵉⴼⴻⵍⵜ
15%
103 kBouskoura / سكورة / ⴱⵓⵙⴽⵓⵔⴰ
14%
95,2 kEl Kelaa des Sraghna / قلعة السراغنة / ⵇⵍⵄⵜ ⵙⵔⴰⵖⵏⵙ
14%
95,2 kOued Zem / وادي زم / ⴰⵙⵉⴼ ⵏ ⵢⵉⵣⵎ
14%
89,3 kOulad Teima / أولاد تايمة / ⵡⵍⴰⴷ ⵜⴻⵢⵎⴰ
14%
60,0 kAwlad an-Nama / أولاد النمة / ⵓⵍⴰⴷ ⵏⴻⵎⵎⴰ
13%
88,6 kBen Guerir / بن ڭرير / ⴱⴻⵏ ⴳⵔⵉⵔ
13%
100 kDcheira El Jihadia / الدشيرة الجهادية / ⴷⵛⵉⵔⴰ ⵍⵊⵉⵀⴰⴷⵉⵢⴰ
13%
50,9 kDrargua / الدراركة / ⴷⵔⴰⵔⴳⵡⴰ
13%
55,8 kSidi Bennour / سيدي بنور / ⵙⵉⴷⵉ ⴱⵏⵏⵓⵕ
13%
151 kDar Bouazza / دار بو عزة / ⴱⵓⵄⴰⵣⴰ
11%
83,2 kLqliâa / القليعة / ⵍⵇⵍⵉⵄⴰ
11%
62,4 kAïn Harrouda / ﻋﻴﻦ ﺣﺮﻭﺩﺓ / ⵄⵢⵏ ⵃⴰⵔⵔⵓⴷⴰ
10%
64,8 kLahraouyine / الهراويين / ⵍⴰⵀⵔⴰⴻⵢⵏ
8%

Score Distribution

Percentile by Number Answered

Percent of People with Each Score

Your Score History

You have not taken this quiz